Top 15 most populated countries - Statistics

General Stats
  • This quiz has been taken 115 times
  • The average score is 10 of 15
Answer Stats
Hint Answer % Correct
I India
91%
C China
90%
U USA
87%
R Russia
77%
B Brazil
71%
I Indonesia
71%
J Japan
70%
N Nigeria
62%
M Mexico
59%
P Pakistan
59%
V Vietnam
57%
B Bangladesh
52%
P Philippines
49%
E Egypt
48%
E Ethiopia
48%
No matching quizzes found
Score Distribution
Percent of People with Each Score
Percentile by Number Answered
Your Score History
You have not taken this quiz